[Event "FIDE World Cup 2025"]
[Site "Goa, India"]
[Date "2025.11.03"]
[Round "3.4"]
[White "Piorun, Kacper"]
[Black "Lobanov, Sergei"]
[Result "1-0"]
[TimeControl ": 90 minutes for the first 40 moves, followed by 30 minutes for the rest of the gamewith an increment of 30 seconds per move starting from move 1"]
[WhiteFideId "1130420"]
[BlackFideId "24183750"]
[WhiteElo "2557"]
[BlackElo "2526"]

1. e4 {[%clk 00:15:19]} e5 {[%clk 00:15:18]} {[%emt 00:00:02]} 2. Nf3 {[%clk
00:15:27]} {[%emt 00:00:02]} Nc6 {[%clk 00:15:27]} {[%emt 00:00:02]} 3. Bc4
{[%clk 00:15:35]} {[%emt 00:00:02]} Bc5 {[%clk 00:15:34]} {[%emt 00:00:03]} 4.
d3 {[%clk 00:15:37]} {[%emt 00:00:08]} Nf6 {[%clk 00:15:35]} {[%emt 00:00:08]}
5. Nc3 {[%clk 00:15:44]} {[%emt 00:00:03]} a6 {[%clk 00:15:41]} {[%emt
00:00:05]} 6. Be3 {[%clk 00:15:48]} {[%emt 00:00:06]} d6 {[%clk 00:15:09]}
{[%emt 00:00:42]} 7. a4 {[%clk 00:15:39]} {[%emt 00:00:20]} O-O {[%clk
00:14:22]} {[%emt 00:00:57]} 8. Bxc5 {[%clk 00:14:31]} {[%emt 00:01:18]} dxc5
{[%clk 00:14:30]} 9. Nd5 {[%clk 00:14:39]} {[%emt 00:00:03]} Nxd5 {[%clk
00:13:55]} {[%emt 00:00:45]} 10. Bxd5 {[%clk 00:14:47]} {[%emt 00:00:02]} Ne7
{[%clk 00:13:53]} {[%emt 00:00:12]} 11. Bc4 {[%clk 00:14:41]} {[%emt 00:00:15]}
Qd6 {[%clk 00:13:58]} {[%emt 00:00:06]} 12. Qd2 {[%clk 00:14:03]} {[%emt
00:00:48]} Bd7 {[%clk 00:13:25]} {[%emt 00:00:43]} 13. Qc3 {[%clk 00:12:50]}
{[%emt 00:01:24]} Ng6 {[%clk 00:11:30]} {[%emt 00:02:04]} 14. h4 {[%clk
00:11:03]} {[%emt 00:01:57]} b5 {[%clk 00:06:42]} {[%emt 00:04:59]} 15. Bd5
{[%clk 00:10:28]} {[%emt 00:00:44]} Rae8 {[%clk 00:06:47]} {[%emt 00:00:06]} 16.
axb5 {[%clk 00:10:24]} {[%emt 00:00:14]} axb5 {[%clk 00:06:54]} {[%emt
00:00:03]} 17. Bb3 {[%clk 00:09:32]} {[%emt 00:01:02]} Bg4 {[%clk 00:06:17]}
{[%emt 00:00:47]} 18. Nh2 {[%clk 00:08:18]} {[%emt 00:01:23]} Bd7 {[%clk
00:06:02]} {[%emt 00:00:25]} 19. Nf1 {[%clk 00:07:12]} {[%emt 00:01:16]} Ne7
{[%clk 00:05:11]} {[%emt 00:01:01]} 20. Ne3 {[%clk 00:07:13]} {[%emt 00:00:09]}
Nc6 {[%clk 00:05:20]} 21. Qd2 {[%clk 00:05:16]} {[%emt 00:02:07]} Nd4 {[%clk
00:05:27]} {[%emt 00:00:04]} 22. Ba2 {[%clk 00:05:21]} {[%emt 00:00:05]} Ra8
{[%clk 00:05:17]} {[%emt 00:00:19]} 23. Qd1 {[%clk 00:05:25]} {[%emt 00:00:07]}
Ra6 {[%clk 00:03:22]} {[%emt 00:02:05]} 24. c3 {[%clk 00:04:00]} {[%emt
00:01:34]} Rfa8 {[%clk 00:03:31]} {[%emt 00:00:01]} 25. Bxf7+ {[%clk 00:03:21]}
{[%emt 00:00:49]} Kxf7 {[%clk 00:03:40]} {[%emt 00:00:01]} 26. Rxa6 {[%clk
00:03:30]} Rxa6 {[%clk 00:03:42]} {[%emt 00:00:08]} 27. cxd4 {[%clk 00:03:38]}
cxd4 {[%clk 00:03:51]} {[%emt 00:00:01]} 28. Nc2 {[%clk 00:03:28]} {[%emt
00:00:20]} c5 {[%clk 00:03:47]} {[%emt 00:00:14]} 29. O-O {[%clk 00:03:34]}
{[%emt 00:00:05]} Kg8 {[%clk 00:03:51]} {[%emt 00:00:05]} 30. f4 {[%clk
00:02:36]} {[%emt 00:01:08]} exf4 {[%clk 00:03:48]} {[%emt 00:00:13]} 31. Qd2
{[%clk 00:02:46]} {[%emt 00:00:01]} Ra2 {[%clk 00:03:13]} {[%emt 00:00:45]} 32.
Qc1 {[%clk 00:02:21]} {[%emt 00:00:35]} c4 {[%clk 00:02:40]} {[%emt 00:00:43]}
33. Rxf4 {[%clk 00:01:26]} {[%emt 00:01:04]} cxd3 {[%clk 00:02:04]} {[%emt
00:00:47]} 34. Ne1 {[%clk 00:01:30]} {[%emt 00:00:05]} Ra1 {[%clk 00:01:20]}
{[%emt 00:00:55]} 35. Qxa1 {[%clk 00:01:37]} {[%emt 00:00:03]} Qxf4 {[%clk
00:01:29]} 36. Qa8+ {[%clk 00:00:45]} {[%emt 00:01:02]} Kf7 {[%clk 00:01:38]}
37. Nf3 {[%clk 00:00:43]} {[%emt 00:00:13]} Qe3+ {[%clk 00:01:04]} {[%emt
00:00:44]} 38. Kh2 {[%clk 00:00:52]} {[%emt 00:00:01]} Qf4+ {[%clk 00:01:13]}
{[%emt 00:00:02]} 39. Kg1 {[%clk 00:01:01]} Qc1+ {[%clk 00:00:46]} {[%emt
00:00:37]} 40. Kh2 {[%emt 00:00:08]} Qc7+ {[%clk 00:00:48]} 41. Kg1 {[%clk
00:00:56]} {[%emt 00:00:24]} Qc1+ {[%clk 00:00:38]} {[%emt 00:00:20]} 42. Kh2
{[%clk 00:01:05]} {[%emt 00:00:01]} Qc7+ {[%clk 00:00:46]} {[%emt 00:00:02]} 43.
Kg1 {[%clk 00:01:13]} {[%emt 00:00:01]} d2 {[%clk 00:00:29]} {[%emt 00:00:27]}
44. Qd5+ {[%clk 00:00:52]} {[%emt 00:00:31]} Kf8 {[%clk 00:00:17]} {[%emt
00:00:22]} 45. Nxd2 {[%clk 00:00:59]} {[%emt 00:00:02]} Qc1+ {[%clk 00:00:18]}
{[%emt 00:00:09]} 46. Nf1 {[%clk 00:01:09]} Be8 {[%clk 00:00:14]} {[%emt
00:00:14]} 47. Qd6+ {[%clk 00:01:08]} Kg8 {[%clk 00:00:17]} {[%emt 00:00:18]}
48. Qxd4 {[%clk 00:01:14]} h6 {[%clk 00:00:26]} {[%emt 00:00:05]} 49. Kf2
{[%clk 00:01:09]} Bg6 {[%clk 00:00:16]} {[%emt 00:00:34]} 50. Ne3 {[%emt
00:00:20]} Kh7 {[%clk 00:00:23]} {[%emt 00:00:03]} 51. e5 {[%clk 00:00:51]}
{[%emt 00:00:18]} Qc6 {[%clk 00:00:18]} {[%emt 00:00:14]} 52. Nd5 {[%clk
00:00:51]} {[%emt 00:00:10]} Qc2+ {[%clk 00:00:26]} {[%emt 00:00:03]} 53. Kg3
{[%clk 00:01:00]} Qf5 {[%clk 00:00:13]} {[%emt 00:00:22]} 54. Nf4 {[%clk
00:00:30]} {[%emt 00:00:41]} h5 {[%clk 00:00:13]} {[%emt 00:00:11]} 55. Nh3
{[%clk 00:00:33]} {[%emt 00:00:07]} Kg8 {[%clk 00:00:12]} {[%emt 00:00:11]} 56.
Qd8+ {[%clk 00:00:27]} {[%emt 00:00:16]} Qf8 {[%clk 00:00:20]} {[%emt
00:00:02]} 57. Qxf8+ {[%clk 00:00:32]} {[%emt 00:00:05]} Kxf8 {[%clk 00:00:29]}
58. Kf4 {[%clk 00:00:41]} Ke7 {[%clk 00:00:36]} {[%emt 00:00:03]} 59. Kg5
{[%clk 00:00:39]} {[%emt 00:00:12]} Be4 {[%clk 00:00:46]} 60. Nf4 {[%clk
00:00:47]} {[%emt 00:00:02]} 1-0

[Event "FIDE World Cup 2025"]
[Site "Goa, India"]
[Date "2025.11.03"]
[Round "3.5"]
[White "Bogner, Sebastian"]
[Black "Stremavicius, Titas"]
[Result "1/2-1/2"]
[TimeControl ": 90 minutes for the first 40 moves, followed by 30 minutes for the rest of the gamewith an increment of 30 seconds per move starting from move 1"]
[WhiteFideId "4692055"]
[BlackFideId "12804444"]
[WhiteElo "2555"]
[BlackElo "2531"]

1. d4 {[%clk 00:15:19]} d5 {[%clk 00:15:18]} {[%emt 00:00:02]} 2. c4 {[%clk
00:15:27]} {[%emt 00:00:03]} e6 {[%clk 00:15:26]} {[%emt 00:00:01]} 3. Nc3
{[%clk 00:15:34]} {[%emt 00:00:03]} Nf6 {[%clk 00:15:33]} {[%emt 00:00:02]} 4.
cxd5 {[%clk 00:15:42]} {[%emt 00:00:03]} exd5 {[%clk 00:15:41]} {[%emt
00:00:02]} 5. Bg5 {[%clk 00:15:50]} {[%emt 00:00:02]} c6 {[%clk 00:15:48]}
{[%emt 00:00:02]} 6. e3 {[%clk 00:15:58]} {[%emt 00:00:03]} Bf5 {[%clk
00:15:55]} {[%emt 00:00:02]} 7. Qf3 {[%clk 00:16:06]} {[%emt 00:00:02]} Bg6
{[%clk 00:16:03]} {[%emt 00:00:02]} 8. Bxf6 {[%clk 00:16:14]} {[%emt 00:00:03]}
Qxf6 {[%clk 00:16:11]} {[%emt 00:00:02]} 9. Qxf6 {[%clk 00:16:23]} {[%emt
00:00:02]} gxf6 {[%clk 00:16:18]} {[%emt 00:00:02]} 10. h4 {[%clk 00:16:31]}
{[%emt 00:00:02]} Nd7 {[%clk 00:16:22]} {[%emt 00:00:06]} 11. Nh3 {[%clk
00:16:21]} {[%emt 00:00:20]} a5 {[%clk 00:12:09]} {[%emt 00:04:23]} 12. Nf4
{[%clk 00:16:09]} {[%emt 00:00:21]} a4 {[%clk 00:12:13]} {[%emt 00:00:07]} 13.
f3 {[%clk 00:12:54]} {[%emt 00:03:25]} a3 {[%clk 00:09:44]} {[%emt 00:02:40]}
14. b3 {[%clk 00:13:02]} {[%emt 00:00:01]} Bb4 {[%clk 00:09:52]} {[%emt
00:00:02]} 15. Rc1 {[%clk 00:11:42]} {[%emt 00:01:30]} h5 {[%clk 00:09:56]}
{[%emt 00:00:06]} 16. Kf2 {[%clk 00:10:19]} {[%emt 00:01:33]} Nb6 {[%clk
00:09:23]} {[%emt 00:00:43]} 17. Bd3 {[%clk 00:08:34]} {[%emt 00:01:54]} Bxd3
{[%clk 00:05:47]} {[%emt 00:03:47]} 18. Nxd3 {[%clk 00:08:42]} {[%emt
00:00:03]} Bxc3 {[%clk 00:05:54]} {[%emt 00:00:02]} 19. Rxc3 {[%clk 00:08:46]}
{[%emt 00:00:06]} Nc8 {[%clk 00:06:03]} {[%emt 00:00:01]} 20. e4 {[%clk
00:03:34]} {[%emt 00:05:22]} dxe4 {[%clk 00:06:11]} {[%emt 00:00:02]} 21. Nc5
{[%clk 00:03:43]} {[%emt 00:00:01]} Nd6 {[%clk 00:05:05]} {[%emt 00:01:16]} 22.
Nxe4 {[%clk 00:03:52]} {[%emt 00:00:02]} O-O-O {[%clk 00:04:25]} {[%emt
00:00:51]} 23. Rd3 {[%clk 00:03:34]} {[%emt 00:00:28]} f5 {[%clk 00:02:25]}
{[%emt 00:02:10]} 24. Ng5 {[%clk 00:03:36]} {[%emt 00:00:08]} Rd7 {[%clk
00:01:49]} {[%emt 00:00:46]} 25. Rc1 {[%clk 00:03:11]} {[%emt 00:00:34]} Nb5
{[%clk 00:01:18]} {[%emt 00:00:42]} 26. Rc5 {[%clk 00:03:20]} Nxd4 {[%clk
00:00:25]} {[%emt 00:01:03]} 27. Nxf7 {[%clk 00:02:06]} {[%emt 00:01:23]} Nxb3
{[%clk 00:00:33]} {[%emt 00:00:02]} 28. Rxb3 {[%clk 00:01:51]} {[%emt
00:00:25]} Rxf7 {[%clk 00:00:42]} {[%emt 00:00:02]} 29. Rxa3 {[%clk 00:02:00]}
{[%emt 00:00:01]} Kc7 {[%clk 00:00:47]} {[%emt 00:00:04]} 30. f4 {[%emt
00:00:35]} Rd8 {[%clk 00:00:46]} 31. Ke2 {[%clk 00:01:47]} {[%emt 00:00:09]}
Rd4 {[%clk 00:00:33]} {[%emt 00:00:23]} 32. g3 {[%clk 00:01:54]} {[%emt
00:00:03]} Kd6 {[%clk 00:00:41]} {[%emt 00:00:02]} 33. Re5 {[%clk 00:01:56]}
{[%emt 00:00:08]} Re7 {[%clk 00:00:28]} {[%emt 00:00:23]} 34. Rxe7 {[%emt
00:00:15]} Kxe7 {[%clk 00:00:37]} 35. Ra8 {[%clk 00:02:00]} {[%emt 00:00:01]}
b5 {[%clk 00:00:27]} {[%emt 00:00:21]} 36. Rh8 {[%clk 00:01:32]} {[%emt
00:00:38]} Ra4 {[%clk 00:00:35]} 37. Rxh5 {[%clk 00:01:37]} {[%emt 00:00:05]}
Rxa2+ {[%clk 00:00:44]} {[%emt 00:00:02]} 38. Kd3 {[%clk 00:01:44]} {[%emt
00:00:03]} Ke6 {[%clk 00:00:49]} {[%emt 00:00:04]} 39. Rg5 {[%clk 00:01:36]}
{[%emt 00:00:18]} c5 {[%clk 00:00:27]} {[%emt 00:00:33]} 40. g4 {[%clk
00:01:36]} {[%emt 00:00:10]} Ra3+ {[%clk 00:00:15]} {[%emt 00:00:21]} 41. Kc2
{[%clk 00:01:27]} {[%emt 00:00:20]} Kd5 {[%clk 00:00:15]} {[%emt 00:00:09]} 42.
gxf5 {[%clk 00:01:25]} {[%emt 00:00:12]} Kc4 {[%clk 00:00:17]} {[%emt
00:00:09]} 43. f6 {[%clk 00:01:31]} {[%emt 00:00:03]} Ra7 {[%clk 00:00:16]}
{[%emt 00:00:12]} 44. Rg7 {[%clk 00:01:35]} {[%emt 00:00:06]} Ra2+ {[%clk
00:00:22]} {[%emt 00:00:04]} 45. Kb1 {[%clk 00:01:40]} {[%emt 00:00:05]} Rf2
{[%clk 00:00:26]} {[%emt 00:00:05]} 46. f7 {[%clk 00:01:37]} {[%emt 00:00:13]}
Rxf4 {[%clk 00:00:14]} {[%emt 00:00:22]} 47. Rg4 {[%clk 00:01:46]} {[%emt
00:00:02]} Rxg4 {[%clk 00:00:16]} {[%emt 00:00:07]} 48. f8=Q {[%clk 00:01:55]}
{[%emt 00:00:02]} Rxh4 {[%clk 00:00:20]} {[%emt 00:00:06]} 49. Qf7+ {[%clk
00:01:53]} {[%emt 00:00:12]} Kb4 {[%clk 00:00:25]} {[%emt 00:00:04]} 50. Qf2
{[%clk 00:01:47]} {[%emt 00:00:15]} Rd4 {[%clk 00:00:28]} {[%emt 00:00:08]} 51.
Kb2 {[%clk 00:01:49]} {[%emt 00:00:09]} Kc4 {[%clk 00:00:23]} {[%emt 00:00:15]}
52. Qe2+ {[%clk 00:01:41]} {[%emt 00:00:18]} Kd5 {[%clk 00:00:26]} {[%emt
00:00:07]} 53. Qf3+ {[%clk 00:01:49]} {[%emt 00:00:02]} Kd6 {[%clk 00:00:35]}
{[%emt 00:00:01]} 54. Qf6+ {[%clk 00:01:52]} {[%emt 00:00:07]} Kc7 {[%clk
00:00:19]} {[%emt 00:00:25]} 55. Kc3 {[%clk 00:01:54]} {[%emt 00:00:09]} Rc4+
{[%clk 00:00:15]} {[%emt 00:00:14]} 56. Kd3 {[%clk 00:02:02]} {[%emt 00:00:01]}
Rd4+ {[%clk 00:00:24]} {[%emt 00:00:01]} 57. Ke3 {[%clk 00:02:09]} {[%emt
00:00:03]} Kb7 {[%clk 00:00:24]} {[%emt 00:00:11]} 58. Qe6 {[%clk 00:02:09]}
{[%emt 00:00:10]} b4 {[%clk 00:00:19]} {[%emt 00:00:14]} 59. Qf6 {[%clk
00:02:15]} {[%emt 00:00:03]} Kc7 {[%clk 00:00:15]} {[%emt 00:00:16]} 60. Qa6
{[%clk 00:02:22]} {[%emt 00:00:02]} b3 {[%clk 00:00:21]} {[%emt 00:00:04]} 61.
Qb5 {[%clk 00:02:18]} {[%emt 00:00:13]} Kd6 {[%clk 00:00:19]} {[%emt 00:00:13]}
62. Qb6+ {[%clk 00:02:19]} {[%emt 00:00:08]} Kd5 {[%clk 00:00:26]} {[%emt
00:00:03]} 63. Qxb3+ {[%clk 00:02:27]} {[%emt 00:00:02]} Kc6 {[%clk 00:00:34]}
{[%emt 00:00:02]} 64. Qb8 {[%clk 00:02:32]} {[%emt 00:00:05]} Rb4 {[%clk
00:00:36]} {[%emt 00:00:08]} 65. Qe8+ {[%clk 00:02:38]} {[%emt 00:00:04]} Kd6
{[%clk 00:00:26]} {[%emt 00:00:21]} 66. Kd3 {[%clk 00:02:40]} {[%emt 00:00:07]}
Rd4+ {[%clk 00:00:32]} {[%emt 00:00:05]} 67. Kc3 {[%clk 00:02:49]} Rb4 {[%clk
00:00:41]} 68. Qf8+ {[%clk 00:02:47]} {[%emt 00:00:13]} Kc6 {[%clk 00:00:48]}
{[%emt 00:00:03]} 69. Qf6+ {[%clk 00:02:48]} {[%emt 00:00:08]} Kd5 {[%clk
00:00:40]} {[%emt 00:00:18]} 70. Qa6 {[%clk 00:01:55]} {[%emt 00:01:03]} Rd4
{[%clk 00:00:42]} {[%emt 00:00:08]} 71. Qb5 {[%clk 00:01:53]} {[%emt 00:00:13]}
Kd6 {[%clk 00:00:46]} {[%emt 00:00:05]} 72. Qb6+ {[%clk 00:01:59]} {[%emt
00:00:04]} Kd5 {[%clk 00:00:55]} {[%emt 00:00:01]} 73. Qc7 {[%clk 00:01:58]}
{[%emt 00:00:10]} Rc4+ {[%clk 00:01:04]} {[%emt 00:00:02]} 74. Kd3 {[%clk
00:02:06]} Rd4+ {[%clk 00:01:13]} 75. Ke3 {[%clk 00:02:16]} {[%emt 00:00:01]}
Re4+ {[%clk 00:01:22]} 76. Kf3 {[%clk 00:02:23]} {[%emt 00:00:03]} Re6 {[%clk
00:00:53]} {[%emt 00:00:38]} 77. Qd7+ {[%clk 00:02:12]} {[%emt 00:00:21]} Rd6
{[%clk 00:00:52]} {[%emt 00:00:12]} 78. Qb7+ {[%clk 00:02:10]} {[%emt
00:00:12]} Kc4 {[%clk 00:00:46]} {[%emt 00:00:15]} 79. Ke2 {[%clk 00:02:12]}
{[%emt 00:00:08]} Rd4 {[%clk 00:00:37]} {[%emt 00:00:19]} 80. Qc6 {[%clk
00:02:06]} {[%emt 00:00:16]} Kb4 {[%clk 00:00:44]} {[%emt 00:00:03]} 81. Ke3
{[%clk 00:01:53]} {[%emt 00:00:23]} Kc4 {[%clk 00:00:36]} {[%emt 00:00:19]} 82.
Qb7 {[%clk 00:01:32]} {[%emt 00:00:30]} Rd1 {[%clk 00:00:31]} {[%emt 00:00:15]}
83. Qa6+ {[%clk 00:00:51]} {[%emt 00:00:52]} Kb4 {[%clk 00:00:26]} {[%emt
00:00:15]} 84. Ke4 {[%clk 00:00:39]} {[%emt 00:00:20]} c4 {[%clk 00:00:16]}
{[%emt 00:00:20]} 85. Qb6+ {[%clk 00:00:45]} {[%emt 00:00:05]} Kc3 {[%clk
00:00:19]} {[%emt 00:00:06]} 86. Qa5+ {[%clk 00:00:44]} {[%emt 00:00:12]} Kb3
{[%clk 00:00:28]} {[%emt 00:00:01]} 87. Qb5+ {[%clk 00:00:52]} {[%emt
00:00:02]} Kc3 {[%clk 00:00:36]} 88. Ke3 {[%clk 00:00:46]} {[%emt 00:00:17]}
Re1 {[%clk 00:00:35]} {[%emt 00:00:11]} 89. Kf2 {[%clk 00:00:55]} {[%emt
00:00:01]} Rd1 {[%clk 00:00:17]} {[%emt 00:00:28]} 90. Qa5+ {[%clk 00:00:52]}
{[%emt 00:00:12]} Kb3 {[%clk 00:00:25]} {[%emt 00:00:02]} 91. Ke2 {[%clk
00:00:55]} {[%emt 00:00:08]} Rd3 {[%clk 00:00:34]} {[%emt 00:00:01]} 92. Qb5+
{[%clk 00:00:56]} {[%emt 00:00:09]} Kc3 {[%clk 00:00:42]} {[%emt 00:00:02]} 93.
Qa5+ {[%clk 00:00:46]} {[%emt 00:00:20]} Kb3 {[%clk 00:00:51]} {[%emt
00:00:02]} 94. Qa6 {[%clk 00:00:33]} {[%emt 00:00:21]} Kc3 {[%clk 00:00:52]}
{[%emt 00:00:09]} 95. Qa1+ {[%clk 00:00:37]} {[%emt 00:00:06]} Kb3 {[%clk
00:00:58]} {[%emt 00:00:04]} 96. Qa5 {[%clk 00:00:44]} {[%emt 00:00:03]} Rh3
{[%clk 00:00:39]} {[%emt 00:00:30]} 97. Qb6+ {[%clk 00:00:43]} {[%emt
00:00:11]} Kc3 {[%clk 00:00:46]} {[%emt 00:00:03]} 98. Qd6 {[%clk 00:00:32]}
{[%emt 00:00:21]} Rd3 {[%clk 00:00:41]} {[%emt 00:00:15]} 99. Qa3+ {[%clk
00:00:36]} {[%emt 00:00:06]} Kd4 {[%clk 00:00:44]} {[%emt 00:00:06]} 100. Qd6+
{[%clk 00:00:37]} {[%emt 00:00:09]} Kc3 {[%clk 00:00:53]} {[%emt 00:00:02]} 101.
Qe5+ {[%clk 00:00:41]} {[%emt 00:00:07]} Kb3 {[%clk 00:00:59]} {[%emt
00:00:03]} 102. Qa5 {[%clk 00:00:49]} {[%emt 00:00:02]} Rh3 {[%clk 00:00:51]}
{[%emt 00:00:18]} 103. Qb6+ {[%clk 00:00:39]} {[%emt 00:00:19]} Kc3 {[%clk
00:00:58]} {[%emt 00:00:04]} 104. Qb8 {[%clk 00:00:40]} {[%emt 00:00:09]} Rd3
{[%clk 00:01:01]} {[%emt 00:00:06]} 105. Qb1 {[%clk 00:00:24]} {[%emt
00:00:27]} Rh3 {[%clk 00:00:49]} {[%emt 00:00:22]} 106. Qf5 {[%clk 00:00:28]}
{[%emt 00:00:05]} Rd3 {[%clk 00:00:47]} {[%emt 00:00:12]} 107. Qb5 {[%clk
00:00:31]} {[%emt 00:00:08]} Rh3 {[%clk 00:00:44]} {[%emt 00:00:13]} 108. Qe5+
{[%clk 00:00:24]} {[%emt 00:00:16]} Kb3 {[%clk 00:00:23]} {[%emt 00:00:32]} 109.
Kd2 {[%clk 00:00:26]} {[%emt 00:00:08]} c3+ {[%clk 00:00:19]} {[%emt 00:00:14]}
110. Ke2 {[%clk 00:00:35]} c2 {[%clk 00:00:20]} {[%emt 00:00:09]} 111. Qb5+
{[%clk 00:00:28]} {[%emt 00:00:16]} Kc3 {[%clk 00:00:26]} {[%emt 00:00:05]} 112.
Qe5+ {[%clk 00:00:28]} {[%emt 00:00:10]} Kb3 {[%clk 00:00:33]} {[%emt
00:00:03]} 113. Qb5+ {[%clk 00:00:15]} {[%emt 00:00:24]} Kc3 {[%clk 00:00:41]}
{[%emt 00:00:01]} 114. Qe5+ {[%clk 00:00:19]} {[%emt 00:00:06]} Kb3 {[%emt
00:00:15]} 1/2-1/2

[Event "FIDE World Cup 2025"]
[Site "Goa, India"]
[Date "2025.11.03"]
[Round "3.6"]
[White "Can, Emre"]
[Black "Maksimovic, Bojan"]
[Result "0-1"]
[TimeControl ": 90 minutes for the first 40 moves, followed by 30 minutes for the rest of the gamewith an increment of 30 seconds per move starting from move 1"]
[WhiteFideId "6302181"]
[BlackFideId "14408120"]
[WhiteElo "2552"]
[BlackElo "2532"]

1. d4 {[%clk 00:15:17]} {[%emt 00:00:03]} Nf6 {[%clk 00:15:19]} {[%emt
00:00:01]} 2. c4 {[%clk 00:15:25]} {[%emt 00:00:02]} g6 {[%clk 00:15:27]}
{[%emt 00:00:02]} 3. Nc3 {[%clk 00:15:33]} {[%emt 00:00:02]} Bg7 {[%clk
00:15:36]} {[%emt 00:00:01]} 4. e4 {[%clk 00:15:40]} {[%emt 00:00:03]} d6
{[%clk 00:15:44]} {[%emt 00:00:01]} 5. Be2 {[%clk 00:15:48]} {[%emt 00:00:02]}
O-O {[%clk 00:15:52]} {[%emt 00:00:03]} 6. Nf3 {[%clk 00:15:51]} {[%emt
00:00:07]} e5 {[%clk 00:16:00]} {[%emt 00:00:02]} 7. O-O {[%clk 00:15:55]}
{[%emt 00:00:05]} h6 {[%clk 00:16:08]} {[%emt 00:00:03]} 8. Re1 {[%clk
00:15:19]} {[%emt 00:00:46]} Nbd7 {[%clk 00:16:16]} {[%emt 00:00:02]} 9. Qc2
{[%clk 00:14:29]} {[%emt 00:01:00]} Re8 {[%clk 00:16:24]} {[%emt 00:00:02]} 10.
dxe5 {[%clk 00:14:29]} {[%emt 00:00:09]} dxe5 {[%clk 00:16:33]} {[%emt
00:00:01]} 11. Be3 {[%clk 00:14:33]} {[%emt 00:00:06]} c6 {[%clk 00:16:37]}
{[%emt 00:00:06]} 12. Rad1 {[%clk 00:14:36]} {[%emt 00:00:08]} Qe7 {[%clk
00:16:45]} {[%emt 00:00:02]} 13. Na4 {[%clk 00:14:20]} {[%emt 00:00:26]} b6
{[%clk 00:15:19]} {[%emt 00:01:37]} 14. h3 {[%clk 00:14:25]} {[%emt 00:00:05]}
Nh5 {[%clk 00:15:09]} {[%emt 00:00:20]} 15. c5 {[%clk 00:14:23]} {[%emt
00:00:12]} b5 {[%clk 00:13:50]} {[%emt 00:01:29]} 16. Nc3 {[%clk 00:14:31]}
{[%emt 00:00:02]} Nxc5 {[%clk 00:13:03]} {[%emt 00:00:57]} 17. Nb1 {[%clk
00:14:40]} {[%emt 00:00:02]} Ne6 {[%clk 00:12:12]} {[%emt 00:01:01]} 18. Qxc6
{[%clk 00:14:46]} {[%emt 00:00:04]} Bb7 {[%clk 00:12:01]} {[%emt 00:00:21]} 19.
Qxb5 {[%clk 00:14:54]} {[%emt 00:00:02]} Bxe4 {[%clk 00:12:05]} {[%emt
00:00:06]} 20. Qa4 {[%clk 00:15:02]} {[%emt 00:00:01]} Bxb1 {[%clk 00:10:52]}
{[%emt 00:01:24]} 21. Rxb1 {[%clk 00:15:10]} {[%emt 00:00:02]} Nhf4 {[%clk
00:10:45]} {[%emt 00:00:16]} 22. Bb5 {[%clk 00:15:19]} {[%emt 00:00:02]} Reb8
{[%clk 00:10:00]} {[%emt 00:00:55]} 23. Bc6 {[%clk 00:12:37]} {[%emt 00:02:51]}
Rb4 {[%clk 00:09:59]} {[%emt 00:00:12]} 24. Qa3 {[%clk 00:12:46]} {[%emt
00:00:02]} Rd8 {[%clk 00:09:12]} {[%emt 00:00:56]} 25. Qxa7 {[%clk 00:08:02]}
{[%emt 00:04:54]} Qd6 {[%clk 00:08:22]} {[%emt 00:00:59]} 26. Ba4 {[%clk
00:02:48]} {[%emt 00:05:24]} e4 {[%clk 00:07:53]} {[%emt 00:00:40]} 27. Nd2
{[%clk 00:02:55]} {[%emt 00:00:02]} Bd4 {[%clk 00:05:02]} {[%emt 00:03:01]} 28.
Qa5 {[%clk 00:01:28]} {[%emt 00:01:38]} Bxe3 {[%clk 00:04:49]} {[%emt
00:00:23]} 29. Rxe3 {[%clk 00:01:23]} {[%emt 00:00:14]} Qxd2 {[%clk 00:03:51]}
{[%emt 00:01:08]} 30. Rd1 {[%clk 00:01:32]} {[%emt 00:00:03]} Qxd1+ {[%clk
00:03:59]} 31. Bxd1 {[%clk 00:01:39]} {[%emt 00:00:03]} Rxd1+ {[%clk 00:04:08]}
32. Kh2 {[%clk 00:01:47]} {[%emt 00:00:02]} Rxb2 {[%clk 00:04:11]} {[%emt
00:00:08]} 33. Qa8+ {[%clk 00:00:46]} {[%emt 00:01:11]} Rd8 {[%clk 00:04:03]}
{[%emt 00:00:17]} 34. Qxe4 {[%clk 00:00:42]} {[%emt 00:00:13]} Rxf2 {[%clk
00:04:11]} {[%emt 00:00:02]} 35. Rg3 {[%clk 00:00:43]} {[%emt 00:00:09]} Rxa2
{[%clk 00:04:12]} {[%emt 00:00:10]} 36. Rg4 {[%clk 00:00:35]} {[%emt 00:00:18]}
Rdd2 {[%clk 00:04:13]} {[%emt 00:00:09]} 0-1